00401nam a2200145Ia 4500003000900000008004100009040001600050080002300066245006500089260003300154300001500187650001000202650002000212700002300232IN-BaIIA211028s9999 xx 000 0 eng d cIIA Library a047.1:539.1bPRO-7 0aProgress in nuclear physicsbvol.7cedited by O. R.Frisch  aLondonbPergamon Pressc1959 avii, 326p. aAtoms aNuclear physics aFrisch, O. R., ed.